Ce livre existe... ou pas! - Statistiques

Statistiques générales
  • Ce quiz a été pris 80 fois
  • Le résultat moyen est 9 sur 16
Statistiques - réponses
Question Réponse % Correct
Lequel n'existe pas ? Le Précieux
83%
Lequel n'existe pas ? La Rue des mineurs
74%
Lequel n'existe pas ? Les Illusions de Parme
74%
Lequel n'existe pas ? Les Amours provinciales
71%
Lequel n'existe pas ? Les Jardins du spleen
68%
Lequel n'existe pas ? La Bibliothèque en feu
64%
Lequel n'existe pas ? Le Ministère de la Vérité
64%
Lequel n'existe pas ? L’Enfant des étoiles
57%
Lequel n'existe pas ? L’Optimiste désabusé
57%
Lequel n'existe pas ? Silence et immobilité
51%
Lequel n'existe pas ? Les Chroniques de la Terre du Milieu
46%
Lequel n'existe pas ? La Sentence
43%
Lequel n'existe pas ? Les Bourgeois de Paris
43%
Lequel n'existe pas ? L’Amour sur la lande
42%
Lequel n'existe pas ? Le Retour de d’Artagnan
36%
Lequel n'existe pas ? Un espoir si fragile et lumineux
25%
Aucun quiz correspondant
Distribution des résultats
% des personnes avec chaque résultat
Percentile par nombre de réponses
Votre historique - résultats
Vous n’avez pas pris ce quiz